Normal view
MARC view
- السرحان ، عدنان ابراهيم ، م. مشارك خاطر ، نوري حمد
Entry Personal Name
001 - CONTROL NUMBER
- control field: 50635
003 - CONTROL NUMBER IDENTIFIER
- control field: JO-AjAnu
005 - DATE AND TIME OF LATEST TRANSACTION
- control field: 20230606082333.0
008 - FIXED-LENGTH DATA ELEMENTS
- fixed length control field: 230606|| aca||aabn | a|a d
040 ## - CATALOGING SOURCE
- Original cataloging agency: JO-AjAnu
- Transcribing agency: JO-AjAnu
100 ## - HEADING--PERSONAL NAME
- Personal name: السرحان ، عدنان ابراهيم ، م. مشارك خاطر ، نوري حمد
670 ## - SOURCE DATA FOUND
- Source citation: Work cat.: (JO-AjAnu)25885: السرحان ، عدنان ابراهيم ، م. مشارك خاطر ، نوري حمد , author, شرح القانون المدني مصادر الحقوق الشخصية : الالتزامات " دراسة مقارنة "